Statistics for Pub Quiz Round 5 - More General Knowledge

Click here to take the quiz!

General Stats

  • This quiz has been taken 380 times
    (369 since last reset)
  • The average score is 7 of 20

Answer Stats

Question Answer % Correct
9John F. Kennedy International Airport services which city?New York
88%
6Playing in the NBA which team are known as the 'Heat'Miami
65%
10Which is the second largest Australian State in terms of area after Western Australia?Queensland
59%
16Who is the All-Father of all the Nordic Gods?Odin
57%
7What is the longer and larger of the lower forearm bones called?Ulna
56%
17Alfred Nobel, the benefactor behind the Nobel Prize awards, was born in which country?Sweden
55%
11Which South American country is bordered by Colombia to the north and Peru to the east and south?Ecuador
52%
5Which Dutch painter painted the 'Prodigal Son in the Brothel' self-portrait?Rembrandt
47%
2Mr. Smiley's drive-thru fast food restaurant is found in which film starring Kevin Spacey?American Beauty
40%
3Yellowstone National Park is primarily in which US state?Wyoming
38%
14Which irreverent comedy was set on the remote backwater of Craggy Island?Father Ted
36%
12Which leader defeated the British General, Lord Cornwallis at the Battle of Princeton?George Washington
33%
4Kyle Reese is a fictional character from which film franchise?Terminator
23%
19How would the number 1966 be expressed in Roman numerals?MCMLXVI
23%
15How many distinct bones are in a human hand?27
22%
20What 'ology' is the scientific study of the atmosphere?Meteorology
21%
18In Roman mythology, who was the goddess of the moon?Diana
13%
13The Wimbledon Championships were first held in which year?1877
9%
8The singer and actor, Al Jolson, star of the film The Jazz Singer, was born in which country?Russia
6%
1Robert Stephen Rintoul founded which politics and culture magazine in 1828?The Spectator
6%

Score Distribution

Percentile by Number Answered

Percent of People with Each Score

Your Score History

You have not taken this quiz since the last reset